00688nam a2200229Ia 450000500170000000800410001702000150005808200210007324500920009426000380018630000160022465000130024065000100025365000130026365000130027665000160028970000170030570000180032294200060034095200970034699900150044320250120054728.0240331s9999 xx 000 0 und d a0415079896 bBOC23601a305.4 0aBeyond Equality and Difference:bCitizenship, Feminist Politics and Female Subjectivity aLondonaNew YorkbRoutledgec1992 aix, 210 p., aEquality aWomen aFeminism aPolitics aCitizenship aBock, Geedt aJames, Seedt cL 001040708LaWERCLbWERCLcSSCd2024-03-31l0o 305.4 BEYp3601r2024-03-31w2024-03-31yL c1627d1627